An Encyclopedia of Chairs (Record no. 871)
[ view plain ]
| 000 -CABECERA | |
|---|---|
| campo de control de longitud fija | 00661nam a2200205 a 4500 |
| 001 - NÚMERO DE CONTROL | |
| campo de control | BRCA_987 |
| 005 - FECHA Y HORA DE LA ÚLTIMA TRANSACCIÓN | |
| campo de control | 20190320203231.0 |
| 008 - DATOS DE LONGITUD FIJA--INFORMACIÓN GENERAL | |
| campo de control de longitud fija | 990409t1988----enka---###---#001-0#eng-d |
| 020 ## - NÚMERO INTERNACIONAL ESTÁNDAR DEL LIBRO | |
| Número Internacional Estándar del Libro | 1555212689 |
| 050 #4 - SIGNATURA TOPOGRÁFICA DE LA BIBLIOTECA DEL CONGRESO | |
| Número de clasificación | NK2715 |
| Número de documento/Ítem | .Y38 1988 |
| 100 1# - ENTRADA PRINCIPAL--NOMBRE DE PERSONA | |
| Nombre de persona | Yates, Simon |
| 9 (RLIN) | 3257 |
| 245 10 - MENCIÓN DE TÍTULO | |
| Título | An Encyclopedia of Chairs |
| Mención de responsabilidad, etc. | Simon Yates. |
| 260 ## - PUBLICACIÓN, DISTRIBUCIÓN, ETC. | |
| Lugar de publicación, distribución, etc. | Nueva Jersey |
| Nombre del editor, distribuidor, etc. | The Wellfleet |
| Fecha de publicación, distribución, etc. | 1988 |
| 300 ## - DESCRIPCIÓN FÍSICA | |
| Extensión | 127 p. |
| Otras características físicas | il. a color |
| Dimensiones | 30 cm. |
| 500 ## - NOTA GENERAL | |
| Nota general | Incluye índice alfabético, cronología, glosario y diagramas explicativos |
| 650 14 - PUNTO DE ACCESO ADICIONAL DE MATERIA--TÉRMINO DE MATERIA | |
| Término de materia o nombre geográfico como elemento de entrada | Sillas |
| Subdivisión de forma | Diccionarios |
| Subdivisión general | Historia |
| 9 (RLIN) | 3258 |
| 650 14 - PUNTO DE ACCESO ADICIONAL DE MATERIA--TÉRMINO DE MATERIA | |
| Término de materia o nombre geográfico como elemento de entrada | Sillas |
| Subdivisión de forma | Diccionarios |
| Subdivisión general | Coleccionistas y colecciones |
| 9 (RLIN) | 3259 |
| 902 ## - CATALOGADOR | |
| Iniciales | REF |
| 942 ## - ELEMENTOS DE PUNTO DE ACCESO ADICIONAL (KOHA) | |
| Fuente del sistema de clasificación o colocación | Library of Congress Classification |
| Tipo de ítem Koha | Libros |
| Estado de retiro | Estado de pérdida | Estado dañado | No para préstamo | Localización permanente | Ubicación/localización actual | Fecha de adquisición | Total de préstamos | Signatura topográfica completa | Código de barras | Fecha visto por última vez | Precio válido a partir de | Tipo de ítem Koha |
|---|---|---|---|---|---|---|---|---|---|---|---|---|
| El ejemplar forma parte de la colección y puede ser consultado según las políticas vigentes. | Biblioteca del Museo Franz Mayer (Rogerio Casas-Alatriste) | Biblioteca del Museo Franz Mayer (Rogerio Casas-Alatriste) | 26/06/2008 | NK2715 .Y38 1988 | REF00014 | 22/03/2019 | 22/03/2019 | Libros |